Early Middle English texts /

Bibliographic Details
Main Author: Dickins, Bruce, 1889-1978
Other Authors: Wilson, R. M. (Richard Middlewood), 1908-
Format: Book
Language:English
Published: New York : Norton, [1951]
Subjects:

MARC

Tag First Indicator Second Indicator Subfields
LEADER 00000cam a2200000 4500
001 in00000022802
005 20151007064138.0
008 720707s1951 nyuh b 00010 eng u
010 |a  51007725  
035 |a (OCoLC)00350532 
035 |9 AAD9163AM 
040 |c WSU  |d TXA  |d UtOrBLW 
049 |a TXAM  |c [211378] 
050 0 |a PR1120  |b .D5 1951a 
092 |a 821.08  |b D552e 
100 1 |a Dickins, Bruce,  |d 1889-1978. 
245 1 0 |a Early Middle English texts /  |c edited by Bruce Dickins & R. M. Wilson. 
264 1 |a New York :  |b Norton,  |c [1951] 
300 |a xiii, 335 pages :  |b facsimiles ;  |c 22 cm. 
336 |a text  |b txt  |2 rdacontent 
337 |a unmediated  |b n  |2 rdamedia 
338 |a volume  |b nc  |2 rdacarrier 
504 |a Bibliography: pages x-xiii. 
650 0 |a English literature  |y Middle English, 1100-1500. 
700 1 |a Wilson, R. M.  |q (Richard Middlewood),  |d 1908- 
999 |a MARS 
999 f f |s 603160e3-3d32-3df4-a636-c9ab394546c6  |i d19573e4-e2d6-3c73-b994-5794dbc3532c  |t 0 
952 f f |p ric  |a Texas A&M University  |b Rellis Campus  |c Joint Library Facility  |d Remote Storage  |t 0  |e PR1120 .D5 1951a  |h Library of Congress classification  |i unmediated -- volume  |m A14801290922 
998 f f |a PR1120 .D5 1951a  |t 0  |l Remote Storage